Confesiones de un autor dramático

Saved in:
Bibliografiske detaljer
Hovedforfatter: Lenormand, H. R (Author)
Format: Bog
Sprog:spansk
Udgivet: Buenos Aires Sudamericana 1950
Fag:
Tags: Tilføj Tag
Ingen Tags, Vær først til at tagge denne postø!

MARC

LEADER 00000cam a2200000 a 4500
001 UCU4893
003 CL-VaPUC
008 960531e19500000AG |||||||||||||||||spa|d
082 0 4 |a 842.09  |b LEN  |2 21 
100 |a Lenormand, H. R  |e author  |9 362621 
245 1 0 |a Confesiones de un autor dramático 
300 |a 343 p 
942 |c BK 
945 |d 19960531 00:00:00  |a rbrito 
260 |a Buenos Aires  |b Sudamericana  |c 1950 
650 0 |a Teatro francés  |9 265089 
650 0 |a Historia y crítica   |9 257407 
650 0 |a Autobiografías   |9 265171 
650 0 |a Teatro inglés  |9 265744 
650 7 |a CRITICA TEATRAL  |2 CL-VaPUC  |9 321641 
650 0 |a Actores   |9 302313 
650 0 |a Psicoanálisis   |9 265702 
650 0 |a Amor  |9 257817 
583 |a last modification  |c 20140305 08:30:16  |k Rodrigo Vera 
999 |c 248421  |d 248419 
952 |0 0  |1 0  |4 0  |6 842_090000000000000_LEN_1950  |7 0  |8 A  |9 265034  |a BIBEDU  |b BIBEDU  |d 2019-11-19  |i 3100871  |o 842.09 LEN 1950  |p 3100871  |r 2019-11-19  |w 2019-11-19  |y BK  |k LIT 
952 |0 0  |1 0  |3 erb  |4 0  |6 842_090000000000000_LEN_1950  |7 0  |8 A  |9 265035  |a BIBART  |b BIBART  |i 5055377  |o 842.09 LEN 1950  |p 5055377  |r 2025-03-13  |w 2019-11-19  |y BK  |z Catalogado en:20140317  |k ART